Normal view
MARC view
- المباني --المنشآت الفولاذية -- المقاومة -- الحمل
Entry Topical Term
001 - CONTROL NUMBER
- control field: 51682
003 - CONTROL NUMBER IDENTIFIER
- control field: JO-AjAnu
005 - DATE AND TIME OF LATEST TRANSACTION
- control field: 20230606082512.0
008 - FIXED-LENGTH DATA ELEMENTS
- fixed length control field: 230606|| aca||aabn | a|a d
040 ## - CATALOGING SOURCE
- Original cataloging agency: JO-AjAnu
- Transcribing agency: JO-AjAnu
150 ## - HEADING--TOPICAL TERM
- Topical term or geographic name entry element: المباني --المنشآت الفولاذية -- المقاومة -- الحمل
670 ## - SOURCE DATA FOUND
- Source citation: Work cat.: (JO-AjAnu)26415: الأردن. وزارة الأشغال العامة والإسكان. مجلس البناء الوطني الأردني, author 51681, مجلس البناء الوطني الأردني، وزارة الأشغال العامة والإسكان: كودة المنشآت الفولاذية، التصميم بطريقة عاملي المقاومة والحمل